Marketingový mix v hotelierstve vo vzťahu k dopytu dizertačná práca

Salvato in:
Dettagli Bibliografici
Autore principale: Staňo, Roman
Ente Autore: Ekonomická univerzita v Bratislave. Obchodná fakulta
Altri autori: Novacká, Ľudmila, 1953-
Natura: Libro
Lingua:slovacco
Pubblicazione: Bratislava 2010
Soggetti:
Tags: Aggiungi Tag
Nessun Tag, puoi essere il primo ad aggiungerne!!

MARC

LEADER 00000nam$a2200000$$$4500
001 0117324
005 20240502072318.7
041 0 |a slo 
044 |a SK 
245 1 0 |a Marketingový mix v hotelierstve vo vzťahu k dopytu  |b dizertačná práca  |c Roman Staňo ; škol. Ľudmila Novacká 
264 1 |a Bratislava  |c 2010 
300 |a 169 s. 
610 2 0 |a hotelierstvo 
610 2 0 |a hotely 
610 2 0 |a marketing mix 
610 2 0 |a dopyt 
610 2 0 |a podpora predaja 
100 1 |a Staňo, Roman 
700 1 |a Novacká, Ľudmila, 1953- 
710 2 |a Ekonomická univerzita v Bratislave. Obchodná fakulta